Trouve Les Capitales - Afrique - Statistiques

Statistiques générales
  • Ce quiz a été pris 55 fois
    31 depuis la dernière actualisation
  • Le résultat moyen est 28 sur 54
Statistiques - réponses
Par images Réponse % Correct
Le Cap/ Pretoria/ Bloemfontein
96%
Alger
93%
Le Caire
89%
Tunis
81%
Nairobi
78%
Tripoli
70%
Rabat
67%
Dakar
63%
Luanda
63%
Nouakchott
63%
Kinshasa
59%
Moroni
56%
Abuja
52%
Addis-Abeba
52%
Antananarivo
52%
Dodoma
52%
Kampala
52%
Mbabane/Lobamba
52%
Monrovia
52%
Praia
52%
Yamoussoukro
52%
Yaoundé
52%
Accra
48%
Bamako
48%
Brazzaville
48%
Djibouti
48%
Gitega
48%
Khartoum
48%
Lomé
48%
Ouagadougou
48%
Porto-Novo
48%
Victoria
48%
Bangui
44%
Bissau
44%
Conakry
44%
Freetown
44%
Gaborone
44%
Harare
44%
Kigali
44%
Libreville
44%
Lilongwe
44%
N'Djamena
44%
Niamey
44%
Port Louis
44%
Asmara
41%
Banjul
41%
Lusaka
41%
Maseru
41%
Mogadiscio
41%
Windhoek
41%
Djouba
37%
Malabo
37%
Maputo
37%
Sao Tomé
37%
Aucun quiz correspondant
Distribution des résultats
% des personnes avec chaque résultat
Percentile par nombre de réponses
Votre historique - résultats
Vous n’avez pas pris ce quiz depuis la dernière actualisation